Pastorale per organo solo /

Hlavní autor: Pololáník, Zdeněk, 1935-2024
Jazyk: Nelze použít, není lingvistický obsah
Vydáno: Brno : ViVo, 1993
Edice: Orgelwerke
Fyzický popis: 16 s.
Hudebniny Hudebniny
Uloženo v:
LEADER 00782ncm a2200253 a 4500
001 000008325
003 CZ BrMZK
005 20121025103306.0
007 qu
008 940107s1993 xr f zxx d
020 |c 30.70 
040 |a BOA001  |b cze 
072 7 |a 786  |x Hudba pro klávesové nástroje  |2 Konspekt  |9 9 
100 1 |a Pololáník, Zdeněk,  |d 1935-2024  |7 jn19990209679  |4 cmp 
245 1 0 |a Pastorale  |h [hudebnina] :  |b per organo solo /  |c Zdeněk Pololáník 
246 1 |a Pastorale - varhany sólo 
260 |a Brno :  |b ViVo,  |c 1993 
300 |a 16 s. 
490 1 |a Orgelwerke 
830 0 |a Orgelwerke 
910 |a BOA001  |b Mus4-0995.087 
990 |a MU 
991 |b 201210 
996 6 |b 2619891003  |c Mus4-0995.087  |l MZK  |r Sklad / do 1 hodiny  |n 7  |p kup  |w 000008325  |u 000010  |a 1  |e BOA001  |j MZK50  |s P